[Event "Tradewise Gibraltar ChallWk1"]
[Site "Gibraltar"]
[Date "2018.01.24"]
[Round "3.29"]
[White "Gostelow, David W"]
[Black "Lawson, Dominic Ralph"]
[Result "1/2-1/2"]
[WhiteElo "1945"]
[BlackElo "2037"]
[PlyCount "84"]
[EventDate "2018.01.22"]
[EventType "swiss"]
[EventRounds "5"]
[EventCountry "GGB"]

1. d4 c5 2. c3 Nf6 3. Nf3 b6 4. Bf4 Bb7 5. e3 g6 6. Nbd2 Bg7 7. h3 O-O 8. Bd3
Nc6 9. Qe2 d6 10. O-O Re8 11. Rfd1 cxd4 12. exd4 e5 13. dxe5 Nxe5 14. Bxe5 dxe5
15. Bb5 Re7 16. Nc4 Qc7 17. Nd6 Bd5 18. c4 e4 19. Nd4 Qxd6 20. cxd5 Nxd5 21.
Nc6 Re6 22. Qd2 Nc7 23. Qxd6 Rxd6 24. Rxd6 Nxb5 25. Rd7 Na3 26. Re1 Bxb2 27.
Rxe4 Bf6 28. Ne7+ Kf8 29. Nd5 Bg5 30. f4 Rd8 31. Rb7 Rxd5 32. fxg5 Nb5 33. Rf4
Nd6 34. Rxa7 Rxg5 35. Rd7 Nf5 36. g4 h5 37. Kf2 hxg4 38. hxg4 Nh6 39. Kf3 f5
40. gxf5 Nxf5 41. Rb7 Rg3+ 42. Kf2 Ra3 1/2-1/2

[Event "Tradewise Gibraltar ChallWk1"]
[Site "Gibraltar"]
[Date "2018.01.24"]
[Round "3.30"]
[White "Ansari, Athar"]
[Black "Sedgwick, David"]
[Result "0-1"]
[WhiteElo "1919"]
[BlackElo "2012"]
[PlyCount "40"]
[EventDate "2018.01.22"]
[EventType "swiss"]
[EventRounds "5"]
[EventCountry "GGB"]

1. e4 e5 2. Nf3 d5 3. c3 dxe4 4. Qa4+ Bd7 5. Qxe4 Bd6 6. Bc4 Nf6 7. Qxb7 Nc6 8.
Bb3 Na5 9. Qa6 Nxb3 10. axb3 O-O 11. Na3 e4 12. Nd4 Ng4 13. g3 Qf6 14. Qe2 Bxa3
15. Rxa3 c5 16. Nc2 Ne5 17. O-O Nf3+ 18. Kh1 Qh6 19. h4 Qe6 20. Kg2 Qh3# 0-1

[Event "Tradewise Gibraltar ChallWk1"]
[Site "Gibraltar"]
[Date "2018.01.24"]
[Round "3.31"]
[White "Rueda-Kjeldsen, Juan Carlos"]
[Black "Brown, David"]
[Result "0-1"]
[WhiteElo "1988"]
[BlackElo "1953"]
[PlyCount "112"]
[EventDate "2018.01.22"]
[EventType "swiss"]
[EventRounds "5"]
[EventCountry "GGB"]

1. e4 e5 2. Nf3 Nc6 3. Bb5 a6 4. Bxc6 dxc6 5. O-O f6 6. d4 exd4 7. Nxd4 c5 8.
Nb3 Qxd1 9. Rxd1 Be6 10. Nc3 Rd8 11. Be3 b6 12. a4 a5 13. Nd5 Bxd5 14. Rxd5
Rxd5 15. exd5 Bd6 16. Nd2 Ne7 17. c4 Nf5 18. Re1 Kd7 19. Ne4 Nxe3 20. fxe3 Be5
21. Re2 Re8 22. Nf2 f5 23. Nd3 Bd6 24. Kf2 Re4 25. b3 g5 26. g3 Ke7 27. Kg2 Kf6
28. Nf2 Re7 29. Nd3 h5 30. h3 f4 31. gxf4 gxf4 32. Nxf4 Bxf4 33. Rf2 Rxe3 34.
Rxf4+ Ke7 35. Rh4 Rxb3 36. Rxh5 Ra3 37. Re5+ Kd7 38. h4 Rxa4 39. Re4 Ra2+ 40.
Kg3 Ra3+ 41. Kg4 Ra1 42. h5 Rg1+ 43. Kf5 a4 44. Rh4 a3 45. Rh2 Rf1+ 46. Kg6
Rg1+ 47. Kf7 Rf1+ 48. Kg7 Rg1+ 49. Kh8 Kd6 50. h6 Ke5 51. Ra2 Kd4 52. h7 Kxc4
53. Rxa3 Kxd5 54. Rd3+ Ke6 55. Re3+ Kf5 56. Re7 c6 0-1

[Event "Tradewise Gibraltar ChallWk1"]
[Site "Gibraltar"]
[Date "2018.01.24"]
[Round "3.32"]
[White "O'Neil, Jim"]
[Black "Garcia Lopez, Juan Antonio"]
[Result "1-0"]
[WhiteElo "1904"]
[BlackElo "1959"]
[PlyCount "103"]
[EventDate "2018.01.22"]
[EventType "swiss"]
[EventRounds "5"]
[EventCountry "GGB"]

1. e4 d5 2. exd5 Nf6 3. Nf3 Nxd5 4. Bc4 c6 5. O-O Bf5 6. Bb3 e6 7. c4 Nb4 8. d4
a5 9. Nc3 Be7 10. a3 N4a6 11. Bf4 O-O 12. Re1 Nd7 13. d5 Ndc5 14. Nd4 Nd3 15.
Nxf5 Nxf4 16. dxe6 fxe6 17. Nxe7+ Qxe7 18. Qg4 Nc5 19. Bc2 h5 20. Qg3 Rad8 21.
Rad1 Rxd1 22. Rxd1 e5 23. Re1 h4 24. Qg4 Ncd3 25. Bxd3 Nxd3 26. Re2 Rf4 27. Qg6
Qd7 28. h3 Rf6 29. Qg5 Qd4 30. Ne4 Rf4 31. Qg6 Rxe4 32. Qxe4 Qxe4 33. Rxe4 Nxb2
34. Rxh4 Kf7 35. Kf1 b5 36. cxb5 cxb5 37. Ke2 Kf6 38. Kd2 Nc4+ 39. Rxc4 bxc4
40. Kc3 Kf5 41. Kxc4 Ke4 42. h4 g6 43. a4 Kf4 44. Kb5 Kg4 45. Kxa5 Kxh4 46. Kb6
g5 47. a5 e4 48. a6 g4 49. g3+ Kh3 50. a7 Kg2 51. a8=Q Kxf2 52. Qb8 1-0

[Event "Tradewise Gibraltar ChallWk1"]
[Site "Gibraltar"]
[Date "2018.01.25"]
[Round "4.1"]
[White "Lacrosse, Marc"]
[Black "Allor, Chukwuka"]
[Result "1/2-1/2"]
[WhiteElo "2117"]
[BlackElo "2099"]
[PlyCount "68"]
[EventDate "2018.01.22"]
[EventType "swiss"]
[EventRounds "5"]
[EventCountry "GGB"]

1. d4 Nf6 2. c4 e6 3. Nf3 Bb4+ 4. Bd2 Be7 5. Nc3 d5 6. Bg5 O-O 7. e3 b6 8. Be2
Bb7 9. Bxf6 Bxf6 10. cxd5 exd5 11. b4 Nd7 12. Qb3 Be7 13. O-O Nf6 14. Rac1 a6
15. Ne5 Qd6 16. a3 Nd7 17. f4 Rab8 18. Bf3 Nf6 19. Rfd1 h5 20. Rd2 Qe6 21. Na4
Bd6 22. Qd1 Qf5 23. Rdc2 g6 24. h3 h4 25. Qe1 g5 26. g4 hxg3 27. Qxg3 Rfe8 28.
Rg2 Nh7 29. h4 Bxe5 30. fxe5 Re7 31. Nc3 Kh8 32. Rf1 Qd3 33. Nxd5 Rd7 34. Be2
Qe4 1/2-1/2

[Event "Tradewise Gibraltar ChallWk1"]
[Site "Gibraltar"]
[Date "2018.01.25"]
[Round "4.2"]
[White "Sanz Wawer, Daniel"]
[Black "Saber, Yasser"]
[Result "0-1"]
[WhiteElo "2134"]
[BlackElo "2244"]
[PlyCount "70"]
[EventDate "2018.01.22"]
[EventType "swiss"]
[EventRounds "5"]
[EventCountry "GGB"]

1. d4 d6 2. e4 Nf6 3. f3 d5 4. e5 Ng8 5. Be3 Nd7 6. Bd3 e6 7. Ne2 c5 8. c3 Qb6
9. f4 Nh6 10. b3 Nf5 11. Bf2 cxd4 12. Bxf5 exf5 13. Nxd4 Nc5 14. O-O Ne4 15.
Be3 Qa6 16. Qc2 Be7 17. Nd2 O-O 18. Nxe4 dxe4 19. b4 Bd7 20. a4 Qc4 21. Rfd1
Rac8 22. Ne2 Be6 23. Rd4 Qc7 24. Rc1 Bc4 25. Rd2 a5 26. Qb2 Bd3 27. b5 Qc4 28.
Nd4 g6 29. Qb3 Rfd8 30. Qxc4 Rxc4 31. Nb3 Rxa4 32. Bc5 e3 33. Rxd3 Rxd3 34.
Bxe7 Rxf4 35. Bg5 e2 0-1

[Event "Tradewise Gibraltar ChallWk1"]
[Site "Gibraltar"]
[Date "2018.01.25"]
[Round "4.3"]
[White "Richards, Heather S"]
[Black "Pabalan, Rocky"]
[Result "0-1"]
[WhiteElo "2223"]
[BlackElo "2098"]
[PlyCount "70"]
[EventDate "2018.01.22"]
[EventType "swiss"]
[EventRounds "5"]
[EventCountry "GGB"]

1. e4 d5 2. exd5 Nf6 3. Nf3 Nxd5 4. d4 Bg4 5. Be2 e6 6. h3 Bh5 7. O-O Be7 8. c4
Nb6 9. Qb3 Nc6 10. Qb5 Bxf3 11. Bxf3 O-O 12. Bxc6 bxc6 13. Qxc6 Qxd4 14. Qxc7
Bd6 15. Qb7 Qxc4 16. Nd2 Qc2 17. Qf3 Nd5 18. Re1 Bb4 19. Rd1 Nf4 20. a3 Bc5 21.
Rf1 e5 22. Ne4 Ne2+ 23. Kh2 Nd4 24. Qe3 Bb6 25. Nd2 Rac8 26. Rb1 f5 27. Kh1 e4
28. b4 Rc3 29. Qg5 Bd8 30. Qf4 Bc7 31. Qg5 Qd3 32. Bb2 Qxh3+ 33. gxh3 Rxh3+ 34.
Kg1 Ne2+ 35. Kg2 Rh2# 0-1

[Event "Tradewise Gibraltar ChallWk1"]
[Site "Gibraltar"]
[Date "2018.01.25"]
[Round "4.4"]
[White "Villar Reymundo, Juan Antonio"]
[Black "Madina Yadarola, Martin"]
[Result "0-1"]
[WhiteElo "2121"]
[BlackElo "2167"]
[PlyCount "94"]
[EventDate "2018.01.22"]
[EventType "swiss"]
[EventRounds "5"]
[EventCountry "GGB"]

1. d4 Nf6 2. c4 g6 3. g3 Bg7 4. Bg2 O-O 5. Nc3 d6 6. Nf3 Nbd7 7. O-O e5 8. h3
c6 9. e4 Qb6 10. c5 dxc5 11. dxe5 Ne8 12. e6 fxe6 13. Ng5 Ne5 14. Na4 Qb5 15.
f4 Nf7 16. Nf3 e5 17. Qc2 Be6 18. Rd1 c4 19. Be3 exf4 20. Nc5 Bc8 21. gxf4 Ned6
22. Rd2 b6 23. Na4 Nxe4 24. Nd4 Bxd4 25. Rxd4 Ned6 26. Bf2 Bf5 27. Qd1 Bd3 28.
b3 Rad8 29. bxc4 Bxc4 30. Bh4 g5 31. Bxg5 Nxg5 32. fxg5 Nf7 33. g6 hxg6 34.
Rxd8 Rxd8 35. Qc2 Rd6 36. Nc3 Qc5+ 37. Kh1 Bd5 38. Bxd5 cxd5 39. Rg1 Kg7 40.
Qd3 Qc4 41. Qg3 Rf6 42. Nd1 Qe4+ 43. Kh2 Ne5 44. Nf2 Nf3+ 45. Kg2 Nh4+ 46. Kh2
Qe2 47. Qxh4 Rxf2+ 0-1

[Event "Tradewise Gibraltar ChallWk1"]
[Site "Gibraltar"]
[Date "2018.01.25"]
[Round "4.5"]
[White "Elishev, Ivan"]
[Black "Ranaivoharisoa, Alain"]
[Result "0-1"]
[WhiteElo "2087"]
[BlackElo "2142"]
[PlyCount "85"]
[EventDate "2018.01.22"]
[EventType "swiss"]
[EventRounds "5"]
[EventCountry "GGB"]

1. e4 c5 2. Nf3 d6 3. Nc3 Nf6 4. e5 dxe5 5. Nxe5 a6 6. g3 Nbd7 7. d4 e6 8. Bg2
cxd4 9. Qxd4 Bc5 10. Qa4 O-O 11. Nd3 Bd6 12. O-O Rb8 13. Qd4 Qc7 14. a4 b6 15.
Re1 Re8 16. Bd2 e5 17. Qh4 Bb7 18. Bxb7 Qxb7 19. Ne4 Nxe4 20. Qxe4 Qxe4 21.
Rxe4 f5 22. Rc4 Rbc8 23. Rxc8 Rxc8 24. c3 e4 25. Nf4 Ne5 26. Be3 Nc4 27. Nd5
Nxb2 28. Bxb6 Kf7 29. Bd4 Ke6 30. Ne3 g5 31. a5 f4 32. Rb1 Na4 33. Nd1 Rb8 34.
Ra1 Nc5 35. Bxc5 Bxc5 36. Kg2 Kd5 37. Kh3 e3 38. fxe3 fxe3 39. c4+ Kxc4 40.
Rc1+ Kd5 41. Nc3+ Ke5 42. Ne2 Bd4 43. Rc4 0-1

[Event "Tradewise Gibraltar ChallWk1"]
[Site "Gibraltar"]
[Date "2018.01.25"]
[Round "4.6"]
[White "Plotkin, Victor"]
[Black "Guthrie, David"]
[Result "1/2-1/2"]
[WhiteElo "2242"]
[BlackElo "2181"]
[PlyCount "125"]
[EventDate "2018.01.22"]
[EventType "swiss"]
[EventRounds "5"]
[EventCountry "GGB"]

1. e4 e5 2. Nf3 Nc6 3. Bc4 Nf6 4. d3 Be7 5. O-O O-O 6. Re1 d6 7. c3 Na5 8. Bb5
a6 9. Ba4 c5 10. Nbd2 Qc7 11. Nf1 b5 12. Bc2 Re8 13. Ng3 g6 14. d4 cxd4 15.
cxd4 exd4 16. Nxd4 Bb7 17. Bf4 Nc4 18. b3 Ne5 19. Qd2 Rad8 20. Rac1 Qb8 21. Nf3
Nxf3+ 22. gxf3 Bc8 23. Red1 Bh3 24. Qd4 Nd7 25. Ne2 Ne5 26. Qe3 Be6 27. Nd4 Bd7
28. Bd3 Rc8 29. Be2 Rxc1 30. Rxc1 Rc8 31. Rxc8+ Qxc8 32. Qc1 Qxc1+ 33. Bxc1 Nc6
34. Nc2 Be6 35. Ne3 Nd4 36. Bd1 f5 37. Kf1 f4 38. Nc2 Nxc2 39. Bxc2 g5 40. Ke2
Bf6 41. Bd2 Kf7 42. a4 Bd7 43. axb5 axb5 44. Kd3 Ke6 45. Bc3 Bd8 46. Bd4 Ba5
47. Bc3 Bb6 48. Be1 Bc5 49. b4 Bb6 50. Bb3+ Ke7 51. Bg8 h6 52. Bh7 Be6 53. Bg6
Bc4+ 54. Kc2 Bd4 55. Bf5 Be5 56. Bc3 Be2 57. Bg4 Kf6 58. Kd2 Bc4 59. Bd7 Bf1
60. Bc6 Bc4 61. Bd7 Bf1 62. Be8 Bc4 63. Bc6 1/2-1/2

[Event "Tradewise Gibraltar ChallWk1"]
[Site "Gibraltar"]
[Date "2018.01.25"]
[Round "4.7"]
[White "Lochte, Thomas"]
[Black "Maisuradze, Nino"]
[Result "1-0"]
[WhiteElo "2169"]
[BlackElo "2234"]
[PlyCount "71"]
[EventDate "2018.01.22"]
[EventType "swiss"]
[EventRounds "5"]
[EventCountry "GGB"]

1. e4 c5 2. d4 cxd4 3. c3 dxc3 4. Nxc3 Nc6 5. Nf3 d6 6. Bc4 a6 7. O-O Nf6 8. h3
e6 9. Qe2 Be7 10. Rd1 Qc7 11. Bf4 Ne5 12. Bxe5 dxe5 13. Rac1 Bd7 14. Bxe6 fxe6
15. Nd5 Qa5 16. Nc7+ Kf7 17. Qc4 Rad8 18. Rxd7 Nxd7 19. Qxe6+ Kf8 20. Nd5 Bf6
21. Rc7 Qb5 22. Nxe5 Nxe5 23. Nxf6 Rd1+ 24. Kh2 Nf3+ 25. gxf3 Rh1+ 26. Kg2 Qf1+
27. Kg3 Qg1+ 28. Kf4 Qh2+ 29. Ke3 Re1+ 30. Kd3 Rd1+ 31. Ke2 Rd2+ 32. Kxd2 Qxf2+
33. Kc3 Qe3+ 34. Kb4 a5+ 35. Kxa5 b6+ 36. Ka6 1-0

[Event "Tradewise Gibraltar ChallWk1"]
[Site "Gibraltar"]
[Date "2018.01.25"]
[Round "4.8"]
[White "Kvisla, Johannes Luangtep"]
[Black "Pavlov, Egor"]
[Result "1-0"]
[WhiteElo "2234"]
[BlackElo "2165"]
[PlyCount "69"]
[EventDate "2018.01.22"]
[EventType "swiss"]
[EventRounds "5"]
[EventCountry "GGB"]

1. d4 Nf6 2. Nf3 g6 3. Bf4 Bg7 4. e3 O-O 5. h3 c5 6. c3 b6 7. Nbd2 Bb7 8. a4 d5
9. Be2 Nc6 10. Ne5 Nd7 11. Nxc6 Bxc6 12. O-O e5 13. dxe5 Nxe5 14. Nf3 Re8 15.
Nxe5 Bxe5 16. Bxe5 Rxe5 17. Bf3 Qd7 18. a5 Rb8 19. axb6 Rxb6 20. Qd2 Qb7 21. b4
cxb4 22. cxb4 Re7 23. Rfb1 a6 24. Qd4 Re8 25. Ra5 Rb5 26. Rxb5 Qxb5 27. Rc1 h5
28. h4 Re6 29. Rc5 Qb6 30. Bxd5 Bd7 31. Bxe6 Qxe6 32. Rd5 Bb5 33. Rd8+ Be8 34.
Rd6 Qc8 35. Qc5 1-0

[Event "Tradewise Gibraltar ChallWk1"]
[Site "Gibraltar"]
[Date "2018.01.25"]
[Round "4.9"]
[White "Jordan Martinez, David"]
[Black "Jordan Martinez, Miguel"]
[Result "1-0"]
[WhiteElo "2095"]
[BlackElo "2201"]
[PlyCount "59"]
[EventDate "2018.01.22"]
[EventType "swiss"]
[EventRounds "5"]
[EventCountry "GGB"]

1. e4 c5 2. Nf3 d6 3. d4 cxd4 4. Nxd4 g6 5. Be3 Bg7 6. Nc3 Nf6 7. Bc4 O-O 8. f3
Bd7 9. Qd2 Nc6 10. O-O-O a6 11. Nxc6 Bxc6 12. Bh6 Bb5 13. Bb3 Rc8 14. h4 Bc4
15. h5 Bxb3 16. axb3 Rxc3 17. bxc3 Qa5 18. Kb2 Rc8 19. hxg6 fxg6 20. Bxg7 Kxg7
21. g4 Qe5 22. g5 Nh5 23. Qd4 Rc5 24. Qxe5+ Rxe5 25. Rd5 h6 26. Rxe5 dxe5 27.
gxh6+ Kxh6 28. c4 Kg5 29. Rg1+ Kf4 30. Rxg6 1-0

[Event "Tradewise Gibraltar ChallWk1"]
[Site "Gibraltar"]
[Date "2018.01.25"]
[Round "4.10"]
[White "Longa Yauca, Javier"]
[Black "Herzwurm, Robert"]
[Result "1-0"]
[WhiteElo "2198"]
[BlackElo "2123"]
[PlyCount "85"]
[EventDate "2018.01.22"]
[EventType "swiss"]
[EventRounds "5"]
[EventCountry "GGB"]

1. d4 d5 2. Nf3 Nc6 3. e3 Bg4 4. h3 Bxf3 5. Qxf3 e5 6. Bb5 Bd6 7. Nc3 Nf6 8.
O-O a6 9. dxe5 Bxe5 10. Bxc6+ bxc6 11. e4 d4 12. Rd1 Qe7 13. Ne2 Rd8 14. Bg5 h6
15. Bxf6 Qxf6 16. Qxf6 Bxf6 17. Nf4 c5 18. e5 Be7 19. b3 g5 20. Nd3 Rd5 21. Re1
Kd7 22. g3 Re8 23. Kg2 Bd8 24. f4 c6 25. Kf3 Bc7 26. Re4 Ke6 27. Rae1 Kd7 28.
f5 h5 29. g4 h4 30. e6+ fxe6 31. Rxe6 Rxe6 32. Rxe6 c4 33. bxc4 Ra5 34. a4 Bd6
35. Ke4 Rxa4 36. c5 Bf4 37. Rg6 Rc4 38. Rg7+ Ke8 39. f6 Rxc2 40. Kf5 Re2 41.
Ra7 Kf8 42. Kg6 Bb8 43. Rh7 1-0

[Event "Tradewise Gibraltar ChallWk1"]
[Site "Gibraltar"]
[Date "2018.01.25"]
[Round "4.11"]
[White "Lung, Liviu-Catalin"]
[Black "Gonzalez Gonzalez, Alfonso"]
[Result "0-1"]
[WhiteElo "2085"]
[BlackElo "2192"]
[PlyCount "102"]
[EventDate "2018.01.22"]
[EventType "swiss"]
[EventRounds "5"]
[EventCountry "GGB"]

1. e4 c5 2. Nf3 a6 3. d4 cxd4 4. Nxd4 Nf6 5. Nc3 e5 6. Nf3 Bb4 7. Bd2 d6 8. Bd3
O-O 9. O-O Nbd7 10. Bg5 h6 11. Bh4 Bxc3 12. bxc3 g5 13. Bg3 Qc7 14. Qd2 Nh7 15.
h4 f6 16. Rad1 Rd8 17. hxg5 hxg5 18. Nh2 Ndf8 19. Be2 Be6 20. Ng4 Rac8 21. c4
Bxc4 22. Ne3 Be6 23. c4 Ng6 24. Rb1 Qf7 25. Qb4 Rc7 26. Bh5 Qg7 27. Rfd1 Rcd7
28. Rd2 Ne7 29. Bg4 Bxg4 30. Nxg4 Nc6 31. Qb6 Nf8 32. f3 Ne6 33. Kf2 Kf7 34.
Rh1 Rh8 35. Rdd1 Kg6 36. Qb1 Ned4 37. Ne3 Qg8 38. Nf5 Nxf5 39. exf5+ Kg7 40.
Rxh8 Kxh8 41. Qe4 Qd8 42. Rh1+ Rh7 43. Rxh7+ Kxh7 44. Qd5 Qb6+ 45. Kf1 Nd8 46.
Bf2 Qb1+ 47. Be1 Qxa2 48. Kg1 Qb1 49. Qxd6 Qxe1+ 50. Kh2 Qh4+ 51. Kg1 Qd4+ 0-1

[Event "Tradewise Gibraltar ChallWk1"]
[Site "Gibraltar"]
[Date "2018.01.25"]
[Round "4.12"]
[White "Odeh, Kenneth"]
[Black "Dolzhikova, Olga"]
[Result "1/2-1/2"]
[WhiteElo "1922"]
[BlackElo "2187"]
[PlyCount "59"]
[EventDate "2018.01.22"]
[EventType "swiss"]
[EventRounds "5"]
[EventCountry "GGB"]

1. d3 d5 2. g3 e5 3. Bg2 Be6 4. Nf3 Nc6 5. O-O Be7 6. Nbd2 Qd7 7. Re1 O-O-O 8.
e4 dxe4 9. Nxe4 h6 10. Be3 b6 11. a4 a5 12. Nc3 Nf6 13. Nb5 Bg4 14. Qe2 Rhe8
15. Qf1 Nd5 16. d4 e4 17. Na7+ Nxa7 18. Ne5 Qe6 19. Nxg4 Kb8 20. Ne5 f5 21. Bd2
Nc6 22. Nxc6+ Qxc6 23. c4 Nb4 24. d5 Qg6 25. Red1 Nd3 26. Bc3 Bc5 27. Rxd3 exd3
28. Qxd3 Qg4 29. Bf3 Qg5 30. Bd2 1/2-1/2

[Event "Tradewise Gibraltar ChallWk1"]
[Site "Gibraltar"]
[Date "2018.01.25"]
[Round "4.13"]
[White "Pinho, Paulo"]
[Black "Hamer, Martyn"]
[Result "1-0"]
[WhiteElo "2186"]
[BlackElo "2020"]
[PlyCount "79"]
[EventDate "2018.01.22"]
[EventType "swiss"]
[EventRounds "5"]
[EventCountry "GGB"]

1. d4 Nf6 2. c4 e6 3. Nc3 d5 4. cxd5 exd5 5. Bg5 c6 6. Qc2 Na6 7. e3 Nc7 8. Bd3
Ne6 9. Bh4 g6 10. f3 Bh6 11. Bf2 O-O 12. h3 Re8 13. Nge2 c5 14. Bb5 Bd7 15.
Bxd7 Qxd7 16. dxc5 Bf8 17. Rd1 Bxc5 18. Qb3 Rad8 19. O-O Qc6 20. Rd2 Rd7 21.
Rfd1 Red8 22. Nb5 a6 23. Nbd4 Nxd4 24. Nxd4 Qb6 25. Qxb6 Bxb6 26. Kf1 Re8 27.
Rd3 Kg7 28. Nc2 Red8 29. Bh4 h6 30. Nb4 g5 31. Be1 d4 32. e4 Rc8 33. R3d2 Rdc7
34. b3 a5 35. Nd3 Nh7 36. Nb2 Ba7 37. Nc4 b5 38. Nd6 Rb8 39. Nf5+ Kf6 40. Bg3
1-0

[Event "Tradewise Gibraltar ChallWk1"]
[Site "Gibraltar"]
[Date "2018.01.25"]
[Round "4.14"]
[White "Ungureanu, Sandu"]
[Black "Gueler, Sebastian"]
[Result "0-1"]
[WhiteElo "2033"]
[BlackElo "2120"]
[PlyCount "152"]
[EventDate "2018.01.22"]
[EventType "swiss"]
[EventRounds "5"]
[EventCountry "GGB"]

1. Nf3 d5 2. c4 e6 3. cxd5 exd5 4. d4 Nf6 5. Bg5 c6 6. Bxf6 Qxf6 7. e3 Bd6 8.
Bd3 Bf5 9. Bxf5 Qxf5 10. Nc3 O-O 11. O-O Nd7 12. g3 Rfe8 13. Kg2 Re6 14. h3
Rae8 15. Nh4 Qf6 16. Qd3 g6 17. Rae1 Qe7 18. Nf3 h6 19. Nh2 Kg7 20. Re2 Nf6 21.
Rfe1 Bb4 22. a3 Bxc3 23. Qxc3 Ne4 24. Qc2 Nd6 25. Qc5 Nb5 26. Qxe7 R8xe7 27.
Kf1 Nd6 28. Nf3 f6 29. Nd2 Kf7 30. a4 a6 31. Rc1 Re8 32. Ree1 R6e7 33. Rc3 Ne4
34. Nxe4 Rxe4 35. a5 R4e7 36. Rb3 Rd7 37. Ke2 Ke6 38. Kd3 Kd6 39. Rc3 Ree7 40.
b4 Rc7 41. Rc2 f5 42. f4 Rg7 43. g4 Ke6 44. Rg2 Kf6 45. Reg1 Rce7 46. g5+ hxg5
47. Rxg5 Re8 48. R5g3 Rh8 49. Ke2 Rh6 50. Kf2 Rgh7 51. Kg2 Kf7 52. Rc1 Rh8 53.
Rf3 Ke6 54. Rg3 Kf6 55. Rc5 Ke6 56. b5 axb5 57. a6 Kd6 58. axb7 Rb8 59. e4 dxe4
60. Rgc3 Rxb7 61. d5 cxd5 62. Rc6+ Ke7 63. R3c5 Rd7 64. Rxb5 d4 65. Re5+ Kf7
66. Ree6 d3 67. Rcd6 Rxd6 68. Rxd6 Rh8 69. Rd4 Ke7 70. Ra4 Rc8 71. Ra7+ Ke6 72.
Kf2 Rc2+ 73. Ke1 Rh2 74. Ra6+ Kf7 75. Ra7+ Kf6 76. Rd7 Rxh3 0-1

[Event "Tradewise Gibraltar ChallWk1"]
[Site "Gibraltar"]
[Date "2018.01.25"]
[Round "4.15"]
[White "Makka, Ioulia"]
[Black "Kozarcanin, Sead"]
[Result "1-0"]
[WhiteElo "2167"]
[BlackElo "2048"]
[PlyCount "103"]
[EventDate "2018.01.22"]
[EventType "swiss"]
[EventRounds "5"]
[EventCountry "GGB"]

1. e4 e5 2. Nf3 Nc6 3. Bb5 a6 4. Ba4 d6 5. c3 Bd7 6. d4 g6 7. d5 Nce7 8. Bxd7+
Qxd7 9. c4 Bg7 10. Nc3 h6 11. O-O f5 12. Nd2 Nf6 13. f3 O-O 14. Rb1 b5 15. cxb5
axb5 16. a3 Rfb8 17. b4 c6 18. dxc6 Qxc6 19. Bb2 Kh7 20. Rc1 Qb6+ 21. Kh1 Rd8
22. Qe2 Rab8 23. Nb3 h5 24. Na5 Bh6 25. Rc2 Rd7 26. Bc1 Bxc1 27. Rfxc1 Rc7 28.
exf5 gxf5 29. Ne4 Nfd5 30. Rxc7 Nxc7 31. Nf6+ Kg6 32. Nd7 Qa7 33. Nxb8 Qxb8 34.
Qc2 Ne6 35. Nc6 Nxc6 36. Qxc6 Nd4 37. Qd7 Qf8 38. Rc7 Kf6 39. Qh7 Ne6 40. Ra7
d5 41. Qxh5 e4 42. fxe4 dxe4 43. g4 fxg4 44. Qxg4 Qc8 45. Qh4+ Ke5 46. Qh5+ Kd4
47. Qd1+ Ke3 48. Rd7 Nf4 49. Qd2+ Kf3 50. Rf7 Qb8 51. Qg2+ Ke3 52. Qg3+ 1-0

[Event "Tradewise Gibraltar ChallWk1"]
[Site "Gibraltar"]
[Date "2018.01.25"]
[Round "4.16"]
[White "Sousa, Ludy Helsio Paulo"]
[Black "Coleman, David J"]
[Result "1/2-1/2"]
[WhiteElo "2153"]
[BlackElo "2055"]
[PlyCount "113"]
[EventDate "2018.01.22"]
[EventType "swiss"]
[EventRounds "5"]
[EventCountry "GGB"]

1. e4 c5 2. Nf3 d6 3. d4 cxd4 4. Nxd4 Nf6 5. Nc3 a6 6. Bg5 e6 7. f4 Be7 8. Qf3
Qc7 9. O-O-O Nbd7 10. g4 b5 11. Bxf6 Nxf6 12. g5 Nd7 13. f5 O-O 14. Rg1 b4 15.
Nce2 e5 16. f6 exd4 17. fxe7 Re8 18. Nf4 Ne5 19. Qh5 Bb7 20. Nd5 Bxd5 21. exd5
Rac8 22. Rg2 Rxe7 23. Rxd4 Qc5 24. Rgd2 Nf3 25. Qxf3 Re1+ 26. Qd1 Rxd1+ 27.
Kxd1 Qa5 28. Bc4 Re8 29. Re2 Rxe2 30. Kxe2 Qb6 31. Kd3 a5 32. h4 g6 33. Bb3 h6
34. c3 bxc3 35. bxc3 hxg5 36. hxg5 Kg7 37. Ke4 Qd8 38. Kf4 f6 39. gxf6+ Qxf6+
40. Ke3 g5 41. Bd1 Qe5+ 42. Kd3 Qe1 43. Kc2 Kf6 44. a4 Ke5 45. Bg4 Qa1 46. Be6
Qa2+ 47. Kd3 Qb1+ 48. Kd2 Qb2+ 49. Kd3 Qb1+ 50. Kc4 Qf1+ 51. Kb3 Qb1+ 52. Ka3
Qa1+ 53. Kb3 Qb1+ 54. Kc4 Qf1+ 55. Kb3 Qb1+ 56. Kc4 Qf1+ 57. Kb3 1/2-1/2

[Event "Tradewise Gibraltar ChallWk1"]
[Site "Gibraltar"]
[Date "2018.01.25"]
[Round "4.17"]
[White "Osuna Vega, Enrique"]
[Black "Janiszewski, Maciej"]
[Result "1-0"]
[WhiteElo "2102"]
[BlackElo "2029"]
[PlyCount "47"]
[EventDate "2018.01.22"]
[EventType "swiss"]
[EventRounds "5"]
[EventCountry "GGB"]

1. Nf3 d5 2. d4 Nc6 3. Bf4 Bg4 4. e3 e6 5. c4 Nf6 6. Nc3 Bb4 7. a3 Bxc3+ 8.
bxc3 O-O 9. Bg5 h6 10. Bxf6 Qxf6 11. cxd5 exd5 12. Be2 Rad8 13. O-O Rfe8 14. c4
dxc4 15. Bxc4 Qf5 16. Qb1 Qh5 17. Be2 Re6 18. Ra2 Rd5 19. e4 Rg6 20. exd5 Bxf3
21. Bxf3 Qxf3 22. Qxg6 Qxd5 23. Qb1 Nxd4 24. Re1 1-0

[Event "Tradewise Gibraltar ChallWk1"]
[Site "Gibraltar"]
[Date "2018.01.25"]
[Round "4.18"]
[White "Sanz Losada, Victoriano"]
[Black "Elomari, Anas"]
[Result "1-0"]
[WhiteElo "2050"]
[BlackElo "2100"]
[PlyCount "59"]
[EventDate "2018.01.22"]
[EventType "swiss"]
[EventRounds "5"]
[EventCountry "GGB"]

1. d4 e6 2. c4 c5 3. Nf3 Nf6 4. Nc3 cxd4 5. Nxd4 Nc6 6. Ndb5 d6 7. e4 a6 8. Na3
Be7 9. Be2 b6 10. O-O Bb7 11. Be3 Ne5 12. f3 O-O 13. Qb3 Ned7 14. Rfc1 Rb8 15.
Kh1 Qc7 16. Nab1 Bc6 17. a4 Rfc8 18. Nd2 a5 19. Qd1 Qb7 20. Nb3 Ne5 21. Nd4 Be8
22. b3 Rd8 23. Ncb5 Ng6 24. Rc2 Rbc8 25. Rac1 d5 26. cxd5 exd5 27. e5 Nxe5 28.
Rc7 Rxc7 29. Rxc7 Qb8 30. Rxe7 1-0

[Event "Tradewise Gibraltar ChallWk1"]
[Site "Gibraltar"]
[Date "2018.01.25"]
[Round "4.19"]
[White "Smith, Andrew Philip"]
[Black "Suez-Panama, Gilles"]
[Result "1-0"]
[WhiteElo "2111"]
[BlackElo "1959"]
[PlyCount "83"]
[EventDate "2018.01.22"]
[EventType "swiss"]
[EventRounds "5"]
[EventCountry "GGB"]

1. e4 e6 2. d4 d5 3. Nc3 Nf6 4. e5 Nfd7 5. Qh5 c5 6. Nf3 g6 7. Qg4 cxd4 8. Nxd4
Nxe5 9. Qg3 Bg7 10. Bf4 Nbc6 11. Nxc6 Nxc6 12. Bc7 Qf6 13. Bd6 a6 14. O-O-O Ne7
15. Bd3 O-O 16. Rhe1 Bh6+ 17. Kb1 Re8 18. f4 e5 19. Bxe5 Qc6 20. Qh4 Bf8 21. g4
b5 22. Re3 h6 23. Rde1 b4 24. Ne2 Ra7 25. Nd4 Qb6 26. Rh3 Nc6 27. Qf6 Rxe5 28.
fxe5 Qxd4 29. Qxc6 Bxg4 30. Rg3 Qf2 31. Rf1 Qd4 32. e6 Bg7 33. exf7+ Rxf7 34.
Qe8+ Kh7 35. Bxg6+ Kxg6 36. Qxf7+ Kh7 37. Qxg7+ Kxg7 38. Rfg1 h5 39. h3 Kg6 40.
hxg4 h4 41. R3g2 Kg5 42. Rh1 1-0

[Event "Tradewise Gibraltar ChallWk1"]
[Site "Gibraltar"]
[Date "2018.01.25"]
[Round "4.20"]
[White "Sanchez Carrasco, Fco. Javier"]
[Black "Sandhya, Goli"]
[Result "1/2-1/2"]
[WhiteElo "2068"]
[BlackElo "1934"]
[PlyCount "29"]
[EventDate "2018.01.22"]
[EventType "swiss"]
[EventRounds "5"]
[EventCountry "GGB"]

1. Nf3 Nf6 2. d4 e6 3. e3 Be7 4. Bd3 d5 5. O-O O-O 6. Nbd2 c5 7. b3 b6 8. Bb2
Bb7 9. Qe2 Ne4 10. Rfd1 Nd7 11. Ne5 f5 12. f3 Nxd2 13. Rxd2 Qc7 14. Nxd7 Qxd7
15. f4 1/2-1/2